000
00240nam a2200097Ia 4500
082
_a
ETF PERE
245
0
_a
Guantanamo boy
100
_a
Perera, Anna London, 2009
_9
76187
942
_c
BK
008
210817s9999 xx 000 0 und d
999
_c
252913
_d
252912